000 00566nmc a2200217 a 4500
003 AR-X00000XY
005 20251128212029.0
008 187020s1944 ||||||||||||||000 | spa||
040 _cAR-X00000XY
100 1 _aDefoe, Daniel
245 1 0 _aLa aparición de Mrs. Veal
260 _aBuenos Aires
_bEmecé Editores
_c1944
300 0 _a50 p.
490 0 _aCuadernos de la quimera
500 0 _aEjemplar numerado nº 2736
655 _aLITERATURA
700 1 _aGannon, Patricio
_eprologuista
800 1 _aMallea, Eduardo
942 _cBK
998 _cmartin
999 _c22162
_d22162